| Tag |
First Indicator |
Second Indicator |
Subfields |
| LEADER |
00000nam a2200000Mi 4500 |
| 001 |
in00005652221 |
| 006 |
m o d |
| 007 |
cr || |||||||| |
| 008 |
250320t20152015ncu fo d z000 0 eng d |
| 005 |
20250728172842.5 |
| 035 |
|
|
|a (OCoLC)on1511484395
|
| 040 |
|
|
|a DEGRU
|b eng
|e rda
|c DEGRU
|
| 020 |
|
|
|a 9781478091271
|
| 020 |
|
|
|a 1478091274
|
| 024 |
7 |
|
|a 10.1515/9781478091271
|2 doi
|
| 035 |
|
|
|a (OCoLC)1511484395
|
| 044 |
|
|
|a ncu
|c US-NC
|
| 072 |
|
7 |
|a HIS048000
|2 bisacsh
|
| 049 |
|
|
|a TXAM
|
| 100 |
1 |
|
|a Mendoza, Victor Román,
|e author.
|4 aut
|4 http://id.loc.gov/vocabulary/relators/aut
|
| 245 |
1 |
0 |
|a Metroimperial Intimacies :
|b Fantasy, Racial-Sexual Governance, and the Philippines in U.S. Imperialism, 1899-1913 /
|c Victor Román Mendoza.
|
| 264 |
|
1 |
|a Durham :
|b Duke University Press,
|c [2015]
|
| 264 |
|
4 |
|c 2015
|
| 300 |
|
|
|a 1 online resource (300 pages) :
|b 18 illustrations.
|
| 336 |
|
|
|a text
|b txt
|2 rdacontent
|
| 337 |
|
|
|a computer
|b c
|2 rdamedia
|
| 338 |
|
|
|a online resource
|b cr
|2 rdacarrier
|
| 347 |
|
|
|a text file
|b PDF
|2 rda
|
| 490 |
0 |
|
|a Perverse Modernities: A Series Edited by Jack Halberstam and Lisa Lowe : 20
|
| 505 |
0 |
0 |
|t Frontmatter --
|t CONTENTS --
|t Acknowledgments --
|t INTRODUCTION --
|t CHAPTER 1 Racial-Sexual Governance and the U.S. Colonial State in the Philippines --
|t CHAPTER 2 Unmentionable Liberties: A Racial-Sexual Differend in the U.S. Colonial Philippines --
|t CHAPTER 3 Menacing Receptivity: Philippine Insurrectos and the Sublime Object of Metroimperial Visual Culture --
|t CHAPTER 4 The Sultan of Sulu's Epidemic of Intimacies --
|t CHAPTER 5 Certain Peculiar Temptations: Little Brown Students and Racial-Sexual Governance in the Metropole --
|t CONCLUSION --
|t Notes --
|t Bibliography --
|t Index
|
| 520 |
|
|
|a In Metroimperial Intimacies Victor Román Mendoza combines historical, literary, and archival analysis with queer-of-color critique to show how U.S. imperial incursions into the Philippines enabled the growth of unprecedented social and sexual intimacies between native Philippine and U.S. subjects. The real and imagined intimacies--whether expressed through friendship, love, or eroticism--threatened U.S. gender and sexuality norms. To codify U.S. heteronormative behavior, the colonial government prohibited anything loosely defined as perverse, which along with popular representations of Filipinos, regulated colonial subjects and depicted them as sexually available, diseased, and degenerate. Mendoza analyzes laws, military records, the writing of Philippine students in the United States, and popular representations of Philippine colonial subjects to show how their lives, bodies, and desires became the very battleground for the consolidation of repressive legal, economic, and political institutions and practices of the U.S. colonial state. By highlighting the importance of racial and gendered violence in maintaining control at home and abroad, Mendoza demonstrates that studies of U.S. sexuality must take into account the reach and impact of U.S. imperialism.
|
| 546 |
|
|
|a In English.
|
| 588 |
0 |
|
|a Description based on online resource; title from PDF title page (publisher's Web site, viewed 20. Mar 2025).
|
| 650 |
|
7 |
|a HISTORY / Asia / Southeast Asia.
|2 bisacsh
|
| 655 |
|
7 |
|a Electronic books.
|2 local
|
| 856 |
4 |
0 |
|u https://www.degruyterbrill.com/openurl?genre=book&isbn=9781478091271
|z Connect to the full text of this electronic book
|t 0
|
| 955 |
|
|
|a De Gruyter Open Access ebooks
|
| 994 |
|
|
|a 92
|b TXA
|
| 999 |
f |
f |
|s 8480e8d6-410b-4a8f-8780-4c4b3aeb3879
|i 66ba53d1-bdf4-4f4f-9e67-e262bf95be1c
|t 0
|
| 952 |
f |
f |
|a Texas A&M University
|b College Station
|c Electronic Resources
|d Available Online
|t 0
|h Library of Congress classification
|
| 998 |
f |
f |
|t 0
|l Available Online
|